=LDR 00000nam 2200000 4500 =001 INLIS000000000037073 =005 20130612142825 =008 ***********************************Ind** =035 ##$$0010-061300000037073 =041 ##$$a Ind =082 ##$$a 741.5 =090 ##$$a 741.5, spo s =100 ##$$a Spot, Blind =245 ##$$a Seri tokoh populer jackie-chen, the fastest kick, Blind Spot =260 ##$$a 2010 $b Jakarta =300 ##$$a 64 hlm, ilus, 22 cm =650 ##$$a Komik, Bacaan =850 ##$$a NBPNMAT